Normal view
MARC view
- Sandore, George N
Entry Personal Name
001 - CONTROL NUMBER
- control field: 7261
003 - CONTROL NUMBER IDENTIFIER
- control field: OSt
005 - DATE AND TIME OF LATEST TRANSACTION
- control field: 20250227123820.0
008 - FIXED-LENGTH DATA ELEMENTS
- fixed length control field: 250227|| aca||aabn | a|a d
040 ## - CATALOGING SOURCE
- Original cataloging agency: OSt
- Transcribing agency: OSt
100 ## - HEADING--PERSONAL NAME
- Personal name: Sandore, George N
670 ## - SOURCE DATA FOUND
- Source citation: Work cat.: (OSt)19455: Erdman, Arthur G. 7260, Mechanism Design: Analysis and Synthesis Vol.1, 2001.
